[Event "FIRST SATURDAY IM  FEB 2013"]
[Site "Budapest"]
[Date "2012.02.02"]
[Round "1.1"]
[White "Keschitz, Gyorgy"]
[Black "Farkas, Lajos Dr"]
[Result "0-1"]
[WhiteElo "2214"]
[BlackElo "2228"]
[PlyCount "176"]
[EventDate "2012.02.02"]

1. d4 Nf6 2. c4 g6 3. Nc3 Bg7 4. e4 d6 5. Be2 O-O 6. Nf3 e5 7. O-O exd4 8. Nxd4
Re8 9. f3 c6 10. Nc2 Qc7 11. Bf4 Nfd7 12. Bxd6 Qb6+ 13. Kh1 Qxb2 14. Na4 Qf6
15. Rb1 Bf8 16. Bg3 Nc5 17. Nxc5 Bxc5 18. e5 Qd8 19. Qc1 Nd7 20. Qb2 f6 21. f4
f5 22. Rfd1 Qe7 23. Bf3 Nb6 24. Qc3 Be6 25. Nd4 Bf7 26. Be2 Rad8 27. Nf3 Rxd1+
28. Rxd1 Bb4 29. Qc2 Qc5 30. Ng5 Bxc4 31. Bf2 Qb5 32. a4 Qa6 33. Bxb6 Bxe2 34.
Qb3+ Qc4 35. Qxc4+ Bxc4 36. Bxa7 Bd5 37. Bb6 h6 38. Nh3 g5 39. fxg5 hxg5 40.
Bd4 Be7 41. Nf2 Ra8 42. Ra1 c5 43. Bc3 b6 44. Nd1 Bb3 45. Ne3 Be6 46. Rb1 Ra6
47. h3 f4 48. Ng4 Bxg4 49. hxg4 Kf7 50. g3 fxg3 51. Kg2 Ke6 52. Kxg3 Bd8 53. a5
bxa5 54. Rb8 Be7 55. Kf3 a4 56. Rh8 Kd5 57. Re8 Ra7 58. Ke3 a3 59. Kd3 a2 60.
Ba1 Ra3+ 61. Kc2 Ke6 62. Rb8 Ra7 63. Kb3 Kd5 64. Rc8 Ke4 65. Kc4 Kf4 66. Kd5
Kxg4 67. Rb8 Kf5 68. Rb2 g4 69. Rf2+ Kg5 70. e6 g3 71. Rf7 Kg4 72. Be5 g2 73.
Rg7+ Bg5 74. Rxa7 g1=Q 75. Rxa2 Qd1+ 76. Kc4 Qb1 77. Ra4 Kf5 78. Bc3 Qe4+ 79.
Kb5 Qxe6 80. Rc4 Be3 81. Ba5 Qd7+ 82. Kb6 Bd4 83. Bc3 Qe6+ 84. Kb5 Qe8+ 85. Kb6
Qb8+ 86. Kc6 Qb3 87. Bxd4 Qxc4 88. Bxc5 Ke6 0-1

[Event "FIRST SATURDAY IM  FEB 2013"]
[Site "Budapest"]
[Date "2012.02.02"]
[Round "1.2"]
[White "Szalanczy, Emil"]
[Black "Zhou, Guijue"]
[Result "1/2-1/2"]
[WhiteElo "2234"]
[BlackElo "2178"]
[PlyCount "94"]
[EventDate "2012.02.02"]

1. e4 d6 2. d4 g6 3. Nc3 Bg7 4. Bc4 a6 5. Bb3 b5 6. Be3 e6 7. Nh3 Bb7 8. f3 Nd7
9. a4 b4 10. Ne2 Rc8 11. c3 bxc3 12. bxc3 c5 13. O-O c4 14. Bc2 Ngf6 15. Qd2
O-O 16. Rfb1 Qc7 17. Bh6 Rb8 18. Ng3 Ba8 19. Nf2 Rxb1+ 20. Rxb1 Rb8 21. Nd1
Rxb1 22. Bxb1 Bxh6 23. Qxh6 Qa5 24. Bc2 Ne8 25. h4 Bc6 26. Qg5 Qxg5 27. hxg5
Kf8 28. Nb2 d5 29. e5 Ke7 30. Nf1 a5 31. Ne3 Nb6 32. Ng4 Kf8 33. Kf2 Kg7 34.
Ke3 Bb7 35. Kd2 Bc6 36. Kc1 Nc7 37. Kb1 Na6 38. Bd1 Nc7 39. Ka2 Ne8 40. Bc2 Kf8
41. Ka3 Ke7 42. Nh6 Kf8 43. Ng4 Kg7 44. g3 Nd7 45. f4 Nb6 46. Nf6 Nxf6 47.
exf6+ Kf8 1/2-1/2

[Event "FIRST SATURDAY IM  FEB 2013"]
[Site "Budapest"]
[Date "2012.02.02"]
[Round "1.3"]
[White "Koczo, Kristof"]
[Black "Kislik, Erik Andrew"]
[Result "1/2-1/2"]
[WhiteElo "2236"]
[BlackElo "2359"]
[PlyCount "24"]
[EventDate "2012.02.02"]

1. d4 Nf6 2. c4 e6 3. Nf3 b6 4. g3 Bb7 5. Bg2 c5 6. d5 exd5 7. Nh4 g6 8. O-O
Bg7 9. Nc3 d6 10. Bf4 O-O 11. Nb5 Bc6 12. Bxd6 Re8 1/2-1/2

[Event "FIRST SATURDAY IM  FEB 2013"]
[Site "Budapest"]
[Date "2012.02.02"]
[Round "1.4"]
[White "Szeberenyi, Adam"]
[Black "Kojima, Shinya"]
[Result "1/2-1/2"]
[WhiteElo "2328"]
[BlackElo "2368"]
[PlyCount "63"]
[EventDate "2012.02.02"]

1. d4 d5 2. c4 c6 3. Nf3 Nf6 4. e3 g6 5. Nc3 Bg7 6. cxd5 cxd5 7. Bb5+ Nbd7 8.
Qb3 e6 9. Qa3 Bf8 10. Qa4 Bd6 11. Ne5 O-O 12. f4 a6 13. Bd3 b5 14. Qd1 Bb7 15.
O-O Nb6 16. b3 Rc8 17. Bd2 Ne4 18. Nxe4 dxe4 19. Be2 f6 20. Ng4 Nd5 21. a4 f5
22. Ne5 Bxe5 23. fxe5 Qg5 24. axb5 Nxe3 25. g3 axb5 26. Qe1 f4 27. Rxf4 Nf5 28.
Ra7 Bd5 29. Bxb5 Qd8 30. Ba5 Qg5 31. Bd2 Qd8 32. Ba5 1/2-1/2

[Event "FIRST SATURDAY IM  FEB 2013"]
[Site "Budapest"]
[Date "2012.02.02"]
[Round "1.5"]
[White "Lyell, Mark"]
[Black "Balint, Vilmos"]
[Result "1-0"]
[WhiteElo "2200"]
[BlackElo "2254"]
[PlyCount "26"]
[EventDate "2012.02.02"]

1. e4 e5 2. Nf3 Nc6 3. Bc4 Nf6 4. Ng5 d5 5. exd5 Na5 6. Bb5+ c6 7. dxc6 bxc6 8.
Qf3 Bd7 9. Bd3 Bd6 10. Nc3 Bg4 11. Qe3 O-O 12. f3 Bh5 13. g4 Bc7 1-0

[Event "FIRST SATURDAY IM  FEB 2013"]
[Site "Budapest"]
[Date "2013.02.03"]
[Round "2.1"]
[White "Farkas, Lajos Dr"]
[Black "Balint, Vilmos"]
[Result "1/2-1/2"]
[WhiteElo "2228"]
[BlackElo "2254"]
[PlyCount "110"]
[EventDate "2012.02.02"]

1. d4 c5 2. d5 e5 3. e4 d6 4. Bb5+ Nd7 5. a4 a6 6. Be2 b6 7. Nc3 Be7 8. Nf3 Nf8
9. O-O f5 10. exf5 Bxf5 11. Nd2 Bg5 12. Nde4 Bxc1 13. Qxc1 Ng6 14. f4 Nf6 15.
Nxf6+ Qxf6 16. g4 Bd7 17. Ne4 Qe7 18. f5 Nf4 19. Rxf4 exf4 20. Qxf4 O-O 21. Bd3
Qe5 22. Qxe5 dxe5 23. a5 c4 24. Bxc4 b5 25. Bd3 Rad8 26. Nc5 Bc8 27. Be4 h5 28.
h3 hxg4 29. hxg4 g6 30. Ne6 gxf5 31. gxf5 Bxe6 32. fxe6 Rf6 33. Ra3 Kf8 34. Rg3
Rf4 35. Rf3 Rxf3 36. Bxf3 Ke7 37. Kf2 Rc8 38. Be4 Rc4 39. Ke3 Ra4 40. b3 Rxa5
41. Bd3 Kd6 42. Ke4 Ra1 43. c4 Re1+ 44. Kf5 bxc4 45. bxc4 e4 46. Bxe4 Rf1+ 47.
Kg5 Rc1 48. Bd3 a5 49. Kf6 a4 50. e7 Re1 51. c5+ Kxc5 52. Kf7 a3 53. Bb1 Rf1+
54. Kg6 Re1 55. Kf7 Rf1+ 1/2-1/2

[Event "FIRST SATURDAY IM  FEB 2013"]
[Site "Budapest"]
[Date "2013.02.03"]
[Round "2.2"]
[White "Kojima, Shinya"]
[Black "Lyell, Mark"]
[Result "1-0"]
[WhiteElo "2368"]
[BlackElo "2200"]
[PlyCount "49"]
[EventDate "2012.02.02"]

1. Nf3 d5 2. d4 c5 3. c4 dxc4 4. e3 e6 5. Bxc4 Nf6 6. O-O cxd4 7. exd4 Be7 8.
Nc3 O-O 9. Bg5 b6 10. Qd3 Bb7 11. Rad1 Nc6 12. a3 Nd5 13. Bxd5 Bxg5 14. Be4 f5
15. Bxc6 Bxc6 16. Rfe1 Bxf3 17. Qxf3 Qd7 18. d5 exd5 19. Nxd5 Rae8 20. Rxe8
Rxe8 21. h4 Bd2 22. Rxd2 Re1+ 23. Kh2 Qd6+ 24. Qf4 Qd8 25. Nc3 1-0

[Event "FIRST SATURDAY IM  FEB 2013"]
[Site "Budapest"]
[Date "2013.02.03"]
[Round "2.4"]
[White "Zhou, Guijue"]
[Black "Koczo, Kristof"]
[Result "1-0"]
[WhiteElo "2178"]
[BlackElo "2236"]
[PlyCount "73"]
[EventDate "2012.02.02"]

1. d4 d5 2. Nf3 Nf6 3. Bg5 Ne4 4. Bf4 c5 5. e3 Nc6 6. c3 Qb6 7. Qc2 h6 8. Nbd2
Bf5 9. Bd3 e6 10. Nxe4 Bxe4 11. Bxe4 dxe4 12. Qxe4 Qxb2 13. O-O O-O-O 14. Rfb1
Qxc3 15. Ne5 f5 16. Qf3 Rd5 17. Nxc6 bxc6 18. Rb8+ Kd7 19. Rab1 Ke7 20. Qh5 Kf6
21. R8b7 g6 22. Qh4+ g5 23. Bxg5+ Kg6 24. Bd8 Rxd8 25. Qxd8 Bg7 26. Qe7 Rg8 27.
Qxe6+ Kh7 28. Qxf5+ Kh8 29. Qxc5 Qd3 30. g3 Qe2 31. Rb8 Qd3 32. Rxg8+ Kxg8 33.
Rb8+ Kh7 34. Qxa7 Qd1+ 35. Kg2 Qc2 36. Rb7 Qe4+ 37. Kg1 1-0

[Event "FIRST SATURDAY IM  FEB 2013"]
[Site "Budapest"]
[Date "2013.02.03"]
[Round "2.5"]
[White "Keschitz, Gyorgy"]
[Black "Szalanczy, Emil"]
[Result "0-1"]
[WhiteElo "2214"]
[BlackElo "2234"]
[PlyCount "66"]
[EventDate "2012.02.02"]

1. Nf3 c5 2. g3 Nc6 3. Bg2 g6 4. d3 Bg7 5. O-O Nh6 6. c3 O-O 7. a4 d6 8. Na3
Qd7 9. e4 Kh8 10. Nc4 b6 11. Re1 Ba6 12. e5 f6 13. e6 Qe8 14. Nfd2 Rd8 15. Bd5
Ne5 16. Ne4 g5 17. f4 gxf4 18. Bxf4 Rg8 19. a5 b5 20. Ne3 Qg6 21. Rf1 Nhg4 22.
Ng2 Qh5 23. Nh4 Ng6 24. c4 Nxh4 25. gxh4 Bh6 26. Bg3 f5 27. Ng5 Bxg5 28. hxg5
Rxg5 29. Qe2 Rdg8 30. Kh1 bxc4 31. dxc4 f4 32. Be1 Rxd5 33. Bc3+ Re5 0-1

[Event "FIRST SATURDAY IM  FEB 2013"]
[Site "Budapest"]
[Date "2013.02.04"]
[Round "3.1"]
[White "Szalanczy, Emil"]
[Black "Farkas, Lajos Dr"]
[Result "1-0"]
[WhiteElo "2234"]
[BlackElo "2228"]
[PlyCount "119"]
[EventDate "2012.02.02"]

1. e4 e5 2. Nf3 Nc6 3. Bb5 a6 4. Ba4 Nf6 5. O-O Be7 6. Re1 b5 7. Bb3 d6 8. c3
O-O 9. h3 Nb8 10. d4 Nbd7 11. Nbd2 Bb7 12. Bc2 Re8 13. Nf1 Bf8 14. Ng3 g6 15.
a4 c5 16. d5 c4 17. Bg5 Be7 18. Qd2 Nc5 19. Ra2 Nfd7 20. Be3 Qc7 21. a5 Rab8
22. Nh2 Nf6 23. f4 exf4 24. Bxf4 Bf8 25. Nf3 Bg7 26. Bh6 Bh8 27. Raa1 Nfd7 28.
Rf1 Ne5 29. Nxe5 Bxe5 30. Rf4 f6 31. Raf1 Rf8 32. Ne2 Rf7 33. Nd4 Qxa5 34. R4f3
Ba8 35. Bg5 Rbf8 36. Ne6 Nd7 37. Nxf8 Rxf8 38. Bh6 Qb6+ 39. Kh1 Rb8 40. Be3 Qc7
41. Bd4 Re8 42. R3f2 Bb7 43. Qd1 a5 44. Qd2 a4 45. Rf3 Bc8 46. Qf2 Qd8 47. Bxe5
fxe5 48. Rf7 Nf8 49. Kh2 Nd7 50. Qa7 Re7 51. Qf2 Qe8 52. Rf3 Kg7 53. Qh4 Kg8
54. Bd1 Rg7 55. Qg5 Re7 56. R3f2 Nc5 57. Rf8+ Qxf8 58. Rxf8+ Kxf8 59. Qf6+ Rf7
60. Qxd6+ 1-0

[Event "FIRST SATURDAY IM  FEB 2013"]
[Site "Budapest"]
[Date "2013.02.04"]
[Round "3.2"]
[White "Koczo, Kristof"]
[Black "Keschitz, Gyorgy"]
[Result "0-1"]
[WhiteElo "2236"]
[BlackElo "2214"]
[PlyCount "106"]
[EventDate "2012.02.02"]

1. d4 Nf6 2. c4 g6 3. Nc3 Bg7 4. e4 d6 5. h3 O-O 6. Bg5 h6 7. Be3 c6 8. Qd2 Kh7
9. Bd3 a6 10. a4 a5 11. Rc1 Na6 12. Nge2 e5 13. d5 Nd7 14. Bc2 Ndc5 15. Rd1 Re8
16. dxc6 bxc6 17. Qxd6 Qxd6 18. Rxd6 Bd7 19. O-O Bf8 20. Rd2 Be6 21. b3 Rab8
22. Nc1 Nb4 23. Rfd1 Nxc2 24. Bxc5 Bxc5 25. Rxc2 Ba3 26. N3e2 f5 27. Ra2 Bb4
28. exf5 gxf5 29. f4 e4 30. Kh2 Rbd8 31. Rd4 Bc5 32. Rdd2 Be3 33. Rxd8 Rxd8 34.
Rc2 h5 35. Rc3 Bd2 36. Rc2 h4 37. Na2 Kg7 38. Nac3 Be3 39. Na2 Rb8 40. Rc3 Bc5
41. Nac1 Rd8 42. Rc2 Kf6 43. Nc3 Bf7 44. Re2 Ba3 45. N3a2 Bh5 46. Rc2 Bd1 47.
Rf2 Bc5 48. Rf1 Rd2 49. Kh1 e3 50. Re1 e2 51. Nc3 Bf2 52. Rxe2 Bxe2 53. N1xe2
Rb2 0-1

[Event "FIRST SATURDAY IM  FEB 2013"]
[Site "Budapest"]
[Date "2013.02.04"]
[Round "3.3"]
[White "Szeberenyi, Adam"]
[Black "Zhou, Guijue"]
[Result "1-0"]
[WhiteElo "2328"]
[BlackElo "2178"]
[PlyCount "49"]
[EventDate "2012.02.02"]

1. d4 g6 2. Nf3 Bg7 3. c4 c5 4. d5 d6 5. e4 e6 6. Nc3 a6 7. Bg5 Ne7 8. e5 h6 9.
Bxe7 Qxe7 10. dxe6 Bxe6 11. exd6 Bxc3+ 12. bxc3 Qf6 13. Qd2 Nc6 14. Be2 O-O 15.
O-O Kg7 16. Rab1 Rab8 17. Rb6 Rfd8 18. Qe3 Qf5 19. Bd3 Qh5 20. Rfb1 Rxd6 21.
Rxb7 Rxb7 22. Rxb7 Na5 23. Rc7 Nxc4 24. Bxc4 Bxc4 25. h3 1-0

[Event "FIRST SATURDAY IM  FEB 2013"]
[Site "Budapest"]
[Date "2013.02.04"]
[Round "3.4"]
[White "Lyell, Mark"]
[Black "Kislik, Erik Andrew"]
[Result "0-1"]
[WhiteElo "2200"]
[BlackElo "2359"]
[PlyCount "80"]
[EventDate "2012.02.02"]

1. e4 c5 2. c3 Nf6 3. e5 Nd5 4. d4 cxd4 5. Nf3 e6 6. cxd4 d6 7. Bc4 Nc6 8. O-O
Be7 9. Re1 O-O 10. a3 dxe5 11. dxe5 b6 12. Nbd2 Bb7 13. b4 Rc8 14. Bb2 Nf4 15.
Qb3 Nxg2 16. Kxg2 Nd4 17. Bxd4 Qxd4 18. Rad1 Qg4+ 19. Kf1 Bg5 20. h3 Qxh3+ 21.
Ke2 Bxd2 22. Nxd2 Qg4+ 23. f3 Qg2+ 24. Ke3 Qg3 25. Rg1 Qxe5+ 26. Kf2 Qh2+ 27.
Rg2 Qh4+ 28. Ke2 Rfd8 29. Bd3 Qf6 30. Ne4 Qe5 31. Kf1 f5 32. Ng5 Bd5 33. Qb2
Qxb2 34. Rxb2 h6 35. Ba6 Bc4+ 36. Bxc4 Rxd1+ 37. Ke2 Rxc4 38. Kxd1 hxg5 39. Rd2
Rc3 40. a4 Ra3 0-1

[Event "FIRST SATURDAY IM  FEB 2013"]
[Site "Budapest"]
[Date "2013.02.04"]
[Round "3.5"]
[White "Balint, Vilmos"]
[Black "Kojima, Shinya"]
[Result "0-1"]
[WhiteElo "2254"]
[BlackElo "2368"]
[PlyCount "104"]
[EventDate "2012.02.02"]

1. e4 c6 2. b3 d5 3. e5 Bf5 4. Ba3 Nd7 5. f4 h5 6. Nf3 e6 7. Bxf8 Nxf8 8. Nd4
Bg4 9. Be2 Nh6 10. c3 Ng6 11. O-O Qb6 12. Na3 c5 13. Ndb5 Nf5 14. Bxg4 hxg4 15.
Qxg4 c4+ 16. Kh1 O-O-O 17. g3 Nge7 18. Nd6+ Nxd6 19. exd6 Nf5 20. bxc4 Qc5 21.
Nc2 dxc4 22. Qf3 Rxd6 23. Rf2 Rd3 24. Ne3 Nxe3 25. dxe3 Rxe3 26. Qg2 Rxc3 27.
f5 Qd5 28. fxe6 fxe6 29. Qxd5 exd5 30. Rd1 Rd8 31. Rfd2 Kc7 32. Rxd5 Rxd5 33.
Rxd5 Kc6 34. Rd8 Rd3 35. Rc8+ Kb5 36. Kg2 Rd2+ 37. Kf3 Rxa2 38. Rc7 b6 39. Rxg7
Rxh2 40. Rxa7 Kb4 41. g4 b5 42. g5 Rh1 43. g6 Rg1 44. g7 Kb3 45. Kf2 Rg6 46.
Ke3 c3 47. Rc7 b4 48. Kd3 Rg3+ 49. Ke2 Kb2 50. Kf2 Rxg7 51. Rxg7 c2 52. Rb7 b3
0-1

[Event "FIRST SATURDAY IM  FEB 2013"]
[Site "Budapest"]
[Date "2013.02.05"]
[Round "4.1"]
[White "Farkas, Lajos Dr"]
[Black "Kojima, Shinya"]
[Result "0-1"]
[WhiteElo "2228"]
[BlackElo "2368"]
[PlyCount "84"]
[EventDate "2012.02.02"]

1. d4 d5 2. c4 c6 3. Nf3 Nf6 4. Nc3 dxc4 5. a4 e6 6. e4 Bb4 7. e5 Nd5 8. Bd2 b5
9. axb5 Bxc3 10. bxc3 cxb5 11. Ng5 Nc6 12. Qh5 Qe7 13. h4 b4 14. Bxc4 bxc3 15.
Bc1 g6 16. Qd1 Qb4 17. Ne4 c2+ 18. Qd2 Qxd2+ 19. Bxd2 Nxd4 20. Bxd5 exd5 21.
Nf6+ Kd8 22. Ba5+ Ke7 23. Nxd5+ Kd7 24. Bc3 Nb3 25. e6+ fxe6 26. Bxh8 exd5 27.
Ke2 c1=Q 28. Rhxc1 Nxc1+ 29. Ke3 Nb3 30. Ra3 Nc5 31. Bd4 Kd6 32. Ra5 Ne6 33.
Rxa7 Rxa7 34. Bxa7 d4+ 35. Bxd4 Nxd4 36. Kxd4 Bb7 37. g3 h5 38. Ke3 Ke5 39. f3
Bc8 40. Ke2 Kd4 41. Kf2 Kd3 42. g4 Bd7 0-1

[Event "FIRST SATURDAY IM  FEB 2013"]
[Site "Budapest"]
[Date "2013.02.05"]
[Round "4.2"]
[White "Kislik, Erik Andrew"]
[Black "Balint, Vilmos"]
[Result "1-0"]
[WhiteElo "2359"]
[BlackElo "2254"]
[PlyCount "101"]
[EventDate "2012.02.02"]

1. d4 c5 2. d5 e5 3. g3 d6 4. c4 f5 5. Nc3 Nf6 6. Bg2 g6 7. Nh3 Bg7 8. O-O O-O
9. a3 a6 10. b4 b6 11. bxc5 dxc5 12. Rb1 h6 13. f3 Ra7 14. e4 Raf7 15. Nf2 Ne8
16. Na4 Nd7 17. Qb3 Rf6 18. g4 b5 19. cxb5 axb5 20. Nc3 Rb6 21. Nxb5 Ba6 22. a4
Nd6 23. Bd2 Bxb5 24. axb5 Rxb5 25. Qa4 Qa8 26. Qxa8 Rxa8 27. gxf5 Rxb1 28. Rxb1
gxf5 29. Bh3 Ra3 30. Kg2 Ra2 31. Bc3 Rc2 32. Ba1 Bf6 33. Rb2 Rc1 34. Ra2 Nc4
35. Bxf5 Ne3+ 36. Kh3 Nxf5 37. exf5 Nb6 38. d6 Nd5 39. Ra8+ Kf7 40. Nd3 Rd1 41.
Nxe5+ Kg7 42. Ra7+ Kg8 43. Ra8+ Kh7 44. d7 Nb6 45. Ng4 Bxa1 46. d8=Q Rxd8 47.
Rxd8 h5 48. Nf2 c4 49. Rd6 Nc8 50. Rc6 Ne7 51. Rc7 1-0

[Event "FIRST SATURDAY IM  FEB 2013"]
[Site "Budapest"]
[Date "2013.02.05"]
[Round "4.3"]
[White "Zhou, Guijue"]
[Black "Lyell, Mark"]
[Result "0-1"]
[WhiteElo "2178"]
[BlackElo "2200"]
[PlyCount "100"]
[EventDate "2012.02.02"]

1. e4 c6 2. d4 d5 3. e5 c5 4. dxc5 Nc6 5. Nf3 e6 6. a3 Bxc5 7. b4 Bb6 8. Bd3
Bd7 9. O-O Nge7 10. Bb2 Ng6 11. c4 dxc4 12. Bxc4 Rc8 13. Nbd2 O-O 14. Rc1 Nce7
15. b5 Nf5 16. a4 Qe7 17. Qb3 Rfd8 18. Ne4 Ngh4 19. Nfg5 h6 20. Ba3 Qe8 21. Nf3
Nxf3+ 22. Qxf3 a6 23. g4 Nd4 24. Qd1 axb5 25. Nd6 bxc4 26. Nxe8 Bxe8 27. Bd6 c3
28. g5 c2 29. Qh5 Bc6 30. Rfe1 Bf3 31. Qh4 hxg5 32. Qxg5 Bd5 33. Re3 Nf3+ 34.
Rxf3 Bxf3 35. h4 Rc4 36. Qe7 Rdc8 37. h5 Rg4+ 38. Kf1 Rg2 39. Qh4 Rxf2+ 40.
Qxf2 Bxf2 41. Kxf2 Bxh5 42. a5 Rc4 43. Ke3 Bd1 44. Kd2 Ra4 45. Bc7 Ra3 46. Bb6
g5 47. Ke1 Kg7 48. Kf2 Kg6 49. Bd8 Kf5 50. Bc7 g4 0-1

[Event "FIRST SATURDAY IM  FEB 2013"]
[Site "Budapest"]
[Date "2013.02.05"]
[Round "4.4"]
[White "Keschitz, Gyorgy"]
[Black "Szeberenyi, Adam"]
[Result "0-1"]
[WhiteElo "2214"]
[BlackElo "2328"]
[PlyCount "124"]
[EventDate "2012.02.02"]

1. Nf3 c5 2. g3 Nc6 3. Bg2 e5 4. d3 g6 5. O-O Bg7 6. c3 Nge7 7. a4 d5 8. Na3
O-O 9. e4 dxe4 10. dxe4 Qxd1 11. Rxd1 Be6 12. Re1 Rfd8 13. Bf1 Na5 14. Be3 b6
15. Nd2 Nb3 16. Nxb3 Bxb3 17. Nc4 Nc6 18. Ra3 Bc2 19. f3 Bd3 20. Bxd3 Rxd3 21.
Kf2 Rad8 22. Ke2 f6 23. Rb3 Nb4 24. Rc1 Na2 25. Rc2 Nb4 26. Rd2 Rxd2+ 27. Bxd2
Nc6 28. Rb5 Bf8 29. a5 Nxa5 30. Nxa5 bxa5 31. Rxa5 Rb8 32. Bc1 Rb7 33. Kd3 Rd7+
34. Kc2 c4 35. Ra4 Rd3 36. Rxc4 Rxf3 37. b4 f5 38. Kb3 Rf2 39. h4 Rf3 40. Rc8
Kf7 41. Rc7+ Ke6 42. Rxa7 fxe4 43. Rxh7 e3 44. g4 e2 45. Bd2 e4 46. h5 e3 47.
Be1 Rf1 48. Bg3 Rg1 49. hxg6 Rxg3 50. Rh1 Rxg4 51. Kc2 Rxg6 52. Kd3 Bh6 53.
Kxe2 Kd5 54. Kd3 Re6 55. Rh5+ Kc6 56. Ke2 Rd6 57. Kf3 Rf6+ 58. Ke2 Rf2+ 59. Kd3
Bf4 60. Rh1 Rd2+ 61. Ke4 e2 62. b5+ Kb6 0-1

[Event "FIRST SATURDAY IM  FEB 2013"]
[Site "Budapest"]
[Date "2013.02.05"]
[Round "4.5"]
[White "Szalanczy, Emil"]
[Black "Koczo, Kristof"]
[Result "1-0"]
[WhiteElo "2234"]
[BlackElo "2236"]
[PlyCount "51"]
[EventDate "2012.02.02"]

1. e4 c5 2. Nf3 d6 3. d4 cxd4 4. Nxd4 Nf6 5. Nc3 a6 6. Be3 e6 7. g4 h6 8. Rg1
g5 9. Qe2 Nc6 10. O-O-O Qc7 11. h4 gxh4 12. f4 Bd7 13. g5 hxg5 14. fxg5 Nh5 15.
g6 fxg6 16. Rxg6 Nxd4 17. Rxd4 Ng3 18. Qf3 Nxf1 19. Qxf1 h3 20. Qf6 Rh7 21. Rg8
Rf7 22. Qg6 Bc6 23. Bg5 Qd7 24. Rd1 e5 25. Rxd6 Qc8 26. Re6+ 1-0

[Event "FIRST SATURDAY IM  FEB 2013"]
[Site "Budapest"]
[Date "2013.02.06"]
[Round "5.2"]
[White "Szeberenyi, Adam"]
[Black "Szalanczy, Emil"]
[Result "1-0"]
[WhiteElo "2328"]
[BlackElo "2234"]
[PlyCount "48"]
[EventDate "2012.02.02"]

1. d4 c5 2. d5 e6 3. c4 exd5 4. cxd5 g6 5. Nc3 Bg7 6. e4 d6 7. Bd3 Nh6 8. Bf4
Ng4 9. Bb5+ Bd7 10. Bxd7+ Qxd7 11. Nf3 h5 12. a3 O-O 13. O-O Re8 14. Re1 Na6
15. h3 Ne5 16. Nxe5 Rxe5 17. Bxe5 Bxe5 18. Qa4 Qxa4 19. Nxa4 Rb8 20. Re2 Nc7
21. g3 a5 22. f4 Bd4+ 23. Kg2 f6 24. Rd2 Ne8 1-0

[Event "FIRST SATURDAY IM  FEB 2013"]
[Site "Budapest"]
[Date "2013.02.06"]
[Round "5.3"]
[White "Lyell, Mark"]
[Black "Keschitz, Gyorgy"]
[Result "1-0"]
[WhiteElo "2200"]
[BlackElo "2214"]
[PlyCount "47"]
[EventDate "2012.02.02"]

1. e4 c5 2. Nc3 e6 3. Nge2 a6 4. g3 b5 5. Bg2 Bb7 6. O-O d6 7. d4 cxd4 8. Nxd4
Nf6 9. Qe2 Nbd7 10. f4 Rc8 11. e5 Bxg2 12. Kxg2 b4 13. exf6 Qb6 14. Nxe6 fxe6
15. Qxe6+ Kd8 16. Be3 Qc6+ 17. Nd5 Rb8 18. Kg1 gxf6 19. Bd4 Bg7 20. Rfe1 Rb5
21. Qe7+ Kc8 22. Qxg7 Qxd5 23. Qxh8+ Kc7 24. Rad1 1-0

[Event "FIRST SATURDAY IM  FEB 2013"]
[Site "Budapest"]
[Date "2013.02.06"]
[Round "5.4"]
[White "Balint, Vilmos"]
[Black "Zhou, Guijue"]
[Result "1-0"]
[WhiteElo "2254"]
[BlackElo "2178"]
[PlyCount "133"]
[EventDate "2012.02.02"]

1. e4 c5 2. Nf3 Nc6 3. d4 cxd4 4. Nxd4 g6 5. c4 Bg7 6. Be3 Nf6 7. Nc3 O-O 8.
Be2 d6 9. O-O Bd7 10. Rc1 Nxd4 11. Bxd4 Bc6 12. Bf3 a5 13. b3 Nd7 14. Bxg7 Kxg7
15. g3 Nc5 16. Bg2 f6 17. Qc2 Qb6 18. Qb1 Qb4 19. Rfe1 a4 20. Nd5 Bxd5 21. exd5
Rf7 22. Re3 axb3 23. axb3 Ra3 24. Rcc3 Na4 25. Rc2 Nc5 26. Rcc3 Na4 27. Rc2 Nc5
28. Rb2 b6 29. h4 h5 30. Bh3 f5 31. Bg2 Ra7 32. Rbe2 Qa3 33. b4 Qa1 34. Qxa1+
Rxa1+ 35. Kh2 Na6 36. b5 Nc5 37. Rxe7 Rc1 38. Re8 Rxc4 39. Rb8 Nd7 40. Rb7 f4
41. f3 Rd4 42. gxf4 Rxd5 43. Bh3 Nc5 44. Rxb6 Rxf4 45. Kg3 Rb4 46. Re7+ Kf6 47.
Re8 g5 48. hxg5+ Rxg5+ 49. Kf2 Rd5 50. Rbb8 Rb2+ 51. Kg3 Rg5+ 52. Kf4 Rb4+ 53.
Ke3 Re5+ 54. Rxe5 Kxe5 55. f4+ Kf6 56. Bf1 Ne6 57. b6 Nxf4 58. b7 Ne6 59. Bg2
Rb3+ 60. Kf2 Rb2+ 61. Kg1 h4 62. Rh8 h3 63. Bh1 h2+ 64. Kf1 Rb1+ 65. Kf2 Rxh1
66. b8=Q Rd1 67. Qb2+ 1-0

[Event "FIRST SATURDAY IM  FEB 2013"]
[Site "Budapest"]
[Date "2013.02.06"]
[Round "5.5"]
[White "Kojima, Shinya"]
[Black "Kislik, Erik Andrew"]
[Result "1/2-1/2"]
[WhiteElo "2368"]
[BlackElo "2359"]
[PlyCount "20"]
[EventDate "2012.02.02"]

1. Nf3 Nf6 2. c4 b6 3. g3 Bb7 4. Bg2 e6 5. O-O Be7 6. d4 O-O 7. Re1 d5 8. cxd5
exd5 9. Nc3 Nbd7 10. Bf4 c5 1/2-1/2

[Event "FIRST SATURDAY IM  FEB 2013"]
[Site "Budapest"]
[Date "2013.02.08"]
[Round "6.1"]
[White "Farkas, Lajos Dr"]
[Black "Kislik, Erik Andrew"]
[Result "1/2-1/2"]
[WhiteElo "2228"]
[BlackElo "2359"]
[PlyCount "84"]
[EventDate "2012.02.02"]

1. d4 Nf6 2. c4 e6 3. Nc3 Bb4 4. Qc2 O-O 5. a3 Bxc3+ 6. Qxc3 b6 7. Bg5 Bb7 8.
Nf3 d6 9. e3 Nbd7 10. Be2 c5 11. Bh4 Qc7 12. O-O Ne4 13. Qc2 f5 14. Rfd1 Ndf6
15. dxc5 bxc5 16. Ng5 Nxg5 17. Bxg5 Ne4 18. Bh4 g5 19. Bg3 a5 20. Bd3 Ra6 21.
Bxe4 Bxe4 22. Qd2 e5 23. f3 Ba8 24. b4 axb4 25. axb4 Rxa1 26. Rxa1 Bb7 27. b5
f4 28. Be1 g4 29. e4 gxf3 30. gxf3 Kh8 31. Bf2 Rg8+ 32. Kh1 Qd7 33. Rg1 Qh3 34.
Rxg8+ Kxg8 35. Qd1 Kf7 36. Bg1 Ke7 37. Qe2 Qe6 38. Bf2 Qh3 39. Be1 Bc8 40. Ba5
h5 41. Bc7 Kd7 42. b6 Bb7 1/2-1/2

[Event "FIRST SATURDAY IM  FEB 2013"]
[Site "Budapest"]
[Date "2013.02.08"]
[Round "6.2"]
[White "Zhou, Guijue"]
[Black "Kojima, Shinya"]
[Result "1-0"]
[WhiteElo "2178"]
[BlackElo "2368"]
[PlyCount "107"]
[EventDate "2012.02.02"]

1. e4 c6 2. d4 d5 3. e5 c5 4. dxc5 Nc6 5. Nf3 Bg4 6. Bb5 Qa5+ 7. Nc3 e6 8. Be3
Nge7 9. a3 O-O-O 10. b4 Bxf3 11. gxf3 Qc7 12. Bxc6 Nxc6 13. Bd4 a6 14. f4 g5
15. fxg5 h6 16. gxh6 Bxh6 17. Ne2 Rhg8 18. Qd3 Rg4 19. c3 Nxe5 20. Qh3 Rg6 21.
f4 Nc4 22. Rf1 Kb8 23. a4 Rdg8 24. b5 Qa5 25. f5 Bd2+ 26. Kd1 Rh6 27. Qf3 axb5
28. fxe6 fxe6 29. Qf7 Rc8 30. Qg7 bxa4 31. Rb1 b5 32. Rf7 Qa6 33. c6 Qxc6 34.
Be5+ Nxe5 35. Qxe5+ Ka8 36. Kxd2 Rh4 37. Rf4 Rxh2 38. Rfb4 Qc7 39. Qxc7 Rxc7
40. Rxb5 Rh4 41. Nd4 Rh2+ 42. Ne2 Rh4 43. Rb6 e5 44. Rb8+ Ka7 45. R8b5 Ka8 46.
Rxd5 a3 47. Ra5+ Ra7 48. Rxe5 Raa4 49. Nd4 Rh2+ 50. Re2 a2 51. Ra1 Rh8 52. Kc1
Rh1+ 53. Kb2 Rh3 54. Rc2 1-0

[Event "FIRST SATURDAY IM  FEB 2013"]
[Site "Budapest"]
[Date "2013.02.08"]
[Round "6.3"]
[White "Keschitz, Gyorgy"]
[Black "Balint, Vilmos"]
[Result "1-0"]
[WhiteElo "2214"]
[BlackElo "2254"]
[PlyCount "135"]
[EventDate "2012.02.02"]

1. Nf3 c5 2. g3 Nc6 3. Bg2 e5 4. d3 g6 5. O-O Bg7 6. c3 Nge7 7. a4 O-O 8. Na3
f5 9. Qb3+ Kh8 10. Ng5 d5 11. e4 h6 12. exd5 Na5 13. Qa2 hxg5 14. Bxg5 e4 15.
dxe4 c4 16. Rad1 Qd7 17. Nxc4 Nxc4 18. Qxc4 fxe4 19. Qxe4 Nf5 20. Rfe1 Qf7 21.
d6 Bd7 22. Qf4 Qb3 23. Be7 Qxb2 24. Rb1 Qxc3 25. Bxb7 Rae8 26. Qg4 Bd4 27. Qh3+
Kg7 28. Bxf8+ Rxf8 29. Re7+ Nxe7 30. Qxd7 Rxf2 31. Kh1 Qd3 32. Qxe7+ Rf7 33.
Re1 Bc3 34. Qe3 Qc4 35. Rc1 Rf1+ 36. Rxf1 Qxf1+ 37. Qg1 Qd3 38. Qxa7 Qd1+ 39.
Kg2 Qd2+ 40. Qf2 Qxd6 41. Qc2 Qd4 42. Be4 g5 43. Qd3 Qe5 44. Qd5 Kf6 45. Qxe5+
Kxe5 46. Bc6 Kf5 47. Kf3 Ba5 48. Bd7+ Kf6 49. Kg4 Bd8 50. h4 gxh4 51. Kxh4 Kg6+
52. Kg4 Ba5 53. Kf3 Kf6 54. Ke4 Ke7 55. Bf5 Kd6 56. g4 Bd8 57. Kf4 Ba5 58. g5
Bd2+ 59. Kg4 Ke5 60. Bd7 Bc3 61. Be8 Bd2 62. g6 Kf6 63. Kf3 Bc3 64. Ke4 Ke7 65.
Bf7 Kd6 66. Kd3 Bf6 67. a5 Kc5 68. a6 1-0